| 000 | 01216nam a2200325 a 4500 | ||
|---|---|---|---|
| 001 | 000112272 | ||
| 003 | CHAP | ||
| 005 | 20220329144254.0 | ||
| 008 | 160120s2015 mx sm |||||||spa d | ||
| 010 | _a108733 | ||
| 011 | _a109705 | ||
| 040 | _cCHAP | ||
| 090 | _aTesis | ||
| 100 | 1 |
_aPosadas Manzano, María Asunción _9130476 |
|
| 245 | 0 |
_aPropuesta para el establecimiento de una procesadora de café en Totutla, Huitzilan de Serdán, Puebla. _h[En Linea] _cpor María Asunción Posadas Manzano. |
|
| 260 |
_aChapingo, Méx. : _bEl autor, _c2015. |
||
| 500 | _aPara ver el contenido del material haga clic en la liga | ||
| 502 | _aTesis (Ing. Agroindustrial ) -- UACH. Departamento de Ingeniería Agroindustrial | ||
| 590 |
_aE11695DGD _b10 _c20160127 _lUCH01 _h0922 |
||
| 590 |
_aE5765TAJ _b05 _c20160120 _lUCH01 _h1242 |
||
| 590 |
_aE5765TAJ _b05 _c20160120 _lUCH01 _h1244 |
||
| 590 |
_aE5765TAJ _b05 _c20160120 _lUCH01 _h1245 |
||
| 650 | 1 | 4 |
_aCafé _xIndustria. _917157 |
| 650 | 1 | 4 |
_aCafé _xProcesado _xCostos. _9130478 |
| 700 | 1 |
_aNopaltitla Negrete, Sandra Paulina _9130477 |
|
| 856 |
_aFinding aid _uhttp://10.13.5.2/tesis/sist112272.pdf _zTeclea aquí |
||
| 901 | _aBK | ||
| 942 | _cTESIS | ||
| 942 | _n0 | ||
| 999 |
_c108733 _d108733 |
||